Powerfull communication skills: how to communicate with confidence. (Record no. 157848)

MARC details
000 -LEADER
fixed length control field 00584nam a2200205Ia 4500
003 - CONTROL NUMBER IDENTIFIER
control field OSt
005 - DATE AND TIME OF LATEST TRANSACTION
control field 20230401120151.0
008 - FIXED-LENGTH DATA ELEMENTS--GENERAL INFORMATION
fixed length control field 210423s2003 xx 000 0 und d
020 ## - INTERNATIONAL STANDARD BOOK NUMBER
International Standard Book Number 8176493767
040 ## - CATALOGING SOURCE
Transcribing agency AL
041 ## - LANGUAGE CODE
Language code of text/sound track or separate title eng
082 ## - DEWEY DECIMAL CLASSIFICATION NUMBER
Classification number 302.2 MCKC
100 ## - MAIN ENTRY--PERSONAL NAME
Personal name MCKENNA (Colleen).
9 (RLIN) 81739
245 ## - TITLE STATEMENT
Title Powerfull communication skills: how to communicate with confidence.
260 ## - PUBLICATION, DISTRIBUTION, ETC.
Place of publication, distribution, etc. New Delhi
Name of publisher, distributor, etc. Viva Books Pvt Ltd
Date of publication, distribution, etc. 2003
300 ## - PHYSICAL DESCRIPTION
Extent 118
Other physical details PB
365 ## - TRADE PRICE
Price amount 95
Currency code INR
906 ## - LOCAL DATA ELEMENT F, LDF (RLIN)
a communicate ; communication ; confidence. ; how ; Powerfull ; skills:
942 ## - ADDED ENTRY ELEMENTS (KOHA)
Source of classification or shelving scheme Dewey Decimal Classification
Koha item type Book
Holdings
Withdrawn status Lost status Damaged status Not for loan Collection code Home library Current library Date acquired Source of acquisition Cost, normal purchase price Total Checkouts Full call number Barcode Date last seen Price effective from Koha item type
        MAJMC St Aloysius PG Library St Aloysius PG Library 04/28/2010 Current books 95.00   302.2 MCKC PG004325 08/24/2022 04/26/2021 Book